| 000 | 00582nam a2200217 a 4500 | ||
|---|---|---|---|
| 999 |
_c5960 _d5960 |
||
| 001 | 5960 | ||
| 003 | BD-JhCC | ||
| 005 | 20180925165551.0 | ||
| 008 | 171231s p |||| ||a| 000 0 eng d | ||
| 035 | _a(BD-JhCC) 5960 | ||
| 040 |
_aBD-JhCC _dBD-JhCC |
||
| 041 | _aeng | ||
| 082 |
_a342.547 _bFEL |
||
| 100 | _aFeldman, Herbert | ||
| 245 |
_aA Constitution for Pakistan / _cHerbert Feldman, |
||
| 260 |
_aKarachi : _bOXFORD UNIVERSITY PRESS , |
||
| 300 |
_a102 p .: _c23 cm . |
||
| 650 | _aConstitutional history, Pakistan, Polities govt | ||
| 942 |
_2ddc _cBK |
||